Jean-Marie Massaud

Salvato in:
Dettagli Bibliografici
Natura: Libro
Pubblicazione: Köln : daab, 2007
Tags: Aggiungi Tag
Nessun Tag, puoi essere il primo ad aggiungerne!!

MARC

LEADER 00000nam a22000003a 4500
001 stu246698
005 20150408182949.3
008 120521s2007----gw----------------------d
020 |a 978-3-937718-88-0 
040 |a STU  |b slo 
041 0
044 |a gw 
245 |a Jean-Marie Massaud 
260 |a Köln :  |b daab,  |c 2007 
300 |a 175 s 
996 |b 284V032377  |c V*51532/O-23014  |l VVT  |s A  |a 24  |w stu246698_0001